[Event "Grand Prix Sénat 2003"]
[Site "Palais du Luxembourg"]
[Date "2003.09.06"]
[Round "1.1"]
[White "Skripchenko, A."]
[Black "Vaïsser, A."]
[Result "1/2-1/2"]
[WhiteElo "2489"]
[BlackElo "2571"]
[PlyCount "68"]
[EventDate "2003.??.??"]

1. e4 e6 2. d3 d5 3. Qe2 dxe4 4. dxe4 b6 5. Qb5+ Qd7 6. Nf3 Bb7 7. Ne5 Qxb5 8.
Bxb5+ c6 9. Bd3 Nf6 10. a4 Nbd7 11. Nxd7 Nxd7 12. a5 Bd6 13. Be3 Ke7 14. Nd2
Bc5 15. Ke2 Bxe3 16. Kxe3 Ne5 17. Be2 c5 18. c3 Nc6 19. Nc4 Ba6 20. axb6 Bxc4
21. Bxc4 axb6 22. Rhd1 Ne5 23. Be2 g5 24. g3 g4 25. Kf4 Kf6 26. Rxa8 Rxa8 27.
Rd6 Ra1 28. Bxg4 Re1 29. Bh5 Nc4 30. Rc6 Nxb2 31. Rxb6 Nd3+ 32. Kf3 Ne5+ 33.
Kf4 Nd3+ 34. Kf3 Ne5+ 1/2-1/2

[Event "Grand Prix Sénat 2003"]
[Site "Palais du Luxembourg"]
[Date "2003.09.06"]
[Round "1.2"]
[White "Vaïsser, A."]
[Black "Skripchenko, A."]
[Result "1/2-1/2"]
[WhiteElo "2571"]
[BlackElo "2489"]
[PlyCount "86"]
[EventDate "2003.??.??"]

1. d4 d5 2. c4 dxc4 3. e3 e6 4. Bxc4 a6 5. a4 Nf6 6. Nf3 c5 7. O-O Nc6 8. Qe2
cxd4 9. Rd1 Be7 10. exd4 O-O 11. Nc3 Nb4 12. Ne5 Bd7 13. d5 exd5 14. Nxd5 Nbxd5
15. Bxd5 Nxd5 16. Rxd5 Bg4 17. Qc4 Qxd5 18. Qxd5 Rad8 19. Qb3 Rd1+ 20. Qxd1
Bxd1 21. Bd2 Bb3 22. Bc3 Rd8 23. a5 Rd1+ 24. Rxd1 Bxd1 25. Kf1 f6 26. Nd3 Bb3
27. Ke2 Kf7 28. Ke3 Bd5 29. f3 g5 30. Kd4 Bc6 31. Nb4 Bb5 32. Nd5 Bd6 33. g3
Ke6 34. f4 Bc6 35. Nb4 gxf4 36. gxf4 Bxf4 37. Nxc6 bxc6 38. Kc5 Kd7 39. Bxf6
Bxh2 40. Kb6 Bg3 41. Kxa6 Kc7 42. b4 h5 43. b5 cxb5 1/2-1/2

[Event "Grand Prix Sénat 2003"]
[Site "Palais du Luxembourg"]
[Date "2003.09.06"]
[Round "1.4"]
[White "Skripchenko, A."]
[Black "Vaïsser, A."]
[Result "0-1"]
[WhiteElo "2489"]
[BlackElo "2571"]
[PlyCount "72"]
[EventDate "2003.??.??"]

1. e4 e6 2. d3 d5 3. Nd2 b6 4. Ngf3 Be7 5. c3 Nf6 6. Qa4+ Bd7 7. Qc2 O-O 8. Be2
c5 9. O-O Nc6 10. Re1 Bd6 11. Bf1 Qc7 12. g3 Rfe8 13. Bg2 Rad8 14. a3 Bc8 15.
b3 Ba6 16. Bb2 h6 17. Rad1 Ng4 18. Bf1 dxe4 19. dxe4 Bxf1 20. Nxf1 Nce5 21.
N3d2 c4 22. bxc4 Bc5 23. Re2 Nd3 24. Nb3 Bxf2+ 25. Kg2 Nxb2 26. Rxd8 Rxd8 27.
Qxb2 Bc5 28. Nbd2 Ne5 29. Nf3 Nxf3 30. Kxf3 Rd3+ 31. Kg2 Qe5 32. Qb5 g6 33.
Qe8+ Kg7 34. Qc8 Rxc3 35. Nd2 Rc2 36. Qc6 Qd4 0-1

[Event "Grand Prix Sénat 2003"]
[Site "Palais du Luxembourg"]
[Date "2003.09.07"]
[Round "2.2"]
[White "Fressinet, L."]
[Black "Skripchenko, A."]
[Result "1/2-1/2"]
[WhiteElo "2640"]
[BlackElo "2489"]
[PlyCount "61"]
[EventDate "2003.??.??"]

1. e4 c5 2. Nf3 e6 3. d4 cxd4 4. Nxd4 Nf6 5. Nc3 Nc6 6. g3 Bb4 7. Bg2 Qb6 8.
Nb3 Qa6 9. Bd2 d6 10. a3 Bxc3 11. Bxc3 Ne5 12. Qe2 Qxe2+ 13. Kxe2 Bd7 14. Rhd1
Bb5+ 15. Ke1 O-O-O 16. Nd4 Ba6 17. a4 h5 18. Nb5 Bxb5 19. axb5 Kb8 20. Rxd6
Rxd6 21. Bxe5 Ne8 22. Rd1 Kc7 23. c4 f6 24. Bxd6+ Nxd6 25. b3 h4 26. Ke2 b6 27.
Ra1 Kb8 28. Rd1 Kc7 29. Ra1 Kb8 30. Rd1 Kc7 31. Ra1 1/2-1/2

[Event "Grand Prix Sénat 2003"]
[Site "Palais du Luxembourg"]
[Date "2003.09.09"]
[Round "2.1"]
[White "Sebag, M."]
[Black "Vaïsser, A."]
[Result "0-1"]
[WhiteElo "2432"]
[BlackElo "2571"]
[PlyCount "120"]
[EventDate "2003.??.??"]

1. e4 e6 2. d4 d5 3. Nd2 c5 4. exd5 exd5 5. Bb5+ Nc6 6. Ngf3 Bd6 7. O-O cxd4 8.
Nb3 Nge7 9. Nbxd4 O-O 10. Re1 Bg4 11. Be2 Qb6 12. Nb3 Rfe8 13. h3 Bh5 14. Be3
Qc7 15. Nfd4 Bxe2 16. Qxe2 a6 17. Nxc6 Nxc6 18. Rad1 Rad8 19. c3 a5 20. Qb5 Qe7
21. Nxa5 Qe5 22. g3 d4 23. Qxe5 Nxe5 24. Bxd4 Nf3+ 25. Kf1 Rxe1+ 26. Rxe1 Nxe1
27. Nxb7 Ra8 28. Kxe1 Be7 29. Bc5 Kf8 30. Bxe7+ Kxe7 31. Nc5 Rxa2 32. Nd3 Kd6
33. Ke2 Ra1 34. Ke3 Kd5 35. b3 g5 36. c4+ Kd6 37. Kd4 f6 38. c5+ Kc6 39. Ke4
Ra3 40. b4 f5+ 41. Kd4 Kb5 42. Ne1 Ra1 43. Nc2 Rf1 44. Na3+ Kxb4 45. Nc2+ Kb5
46. Ke5 Kxc5 47. Ne3 Rxf2 48. Nxf5 Rh2 49. Kf6 Rxh3 50. Kxg5 Kd5 51. Kf6 Ke4
52. g4 Kf4 53. g5 Ra3 54. Nd4 Ra6+ 55. Ne6+ Rxe6+ 56. Kxe6 Kxg5 57. Ke5 h5 58.
Ke4 Kg4 59. Ke3 Kg3 60. Ke2 Kg2 0-1